[Event "Catalunya-ch Seniors"]
[Site "Malgrat del Mar"]
[Date "2023.05.17"]
[Round "4"]
[White "Soler Bel, Josep"]
[Black "Buxade Roca, Guillermo"]
[Result "1/2-1/2"]
[WhiteElo "1754"]
[BlackElo "1924"]
[PlyCount "66"]
[EventDate "2023.05.14"]
[EventType "swiss"]
[EventRounds "8"]
[EventCountry "ESP"]
[SourceTitle "CBM 214 Extra"]
[Source "ChessBase"]
[SourceDate "2023.07.31"]
[SourceVersion "1"]
[SourceVersionDate "2023.07.31"]
[SourceQuality "1"]

1. d4 d5 2. c4 e6 3. Nc3 Nf6 4. cxd5 exd5 5. Bg5 Be7 6. e3 c6 7. Bd3 Nbd7 8. Qc2 Nf8 9. Nf3 Ng6 10. h3 0-0 11. 0-0 Re8 12. Bxf6 Bxf6 13. b4 b6 14. Rac1 Bb7 15. Rfd1 Qe7 16. Qb1 Nf8 17. Ne2 g6 18. Nf4 Ne6 19. Nxe6 Qxe6 20. b5 Rec8 21. bxc6 Rxc6 22. Bb5 Rxc1 23. Rxc1 Rc8 24. Rc2 Kg7 25. Qc1 Rxc2 26. Qxc2 Qd6 27. Qa4 a5 28. Qc2 Qb4 29. a4 Qd6 30. Qc3 h6 31. Ne5 Bxe5 32. dxe5 Qc5 33. Qd4 g5 1/2-1/2

[Event "Catalunya-ch Seniors"]
[Site "Malgrat del Mar"]
[Date "2023.05.15"]
[Round "2"]
[White "Leon Escoda, Manuel"]
[Black "Buxade Roca, Guillermo"]
[Result "1-0"]
[WhiteElo "1662"]
[BlackElo "1924"]
[PlyCount "65"]
[EventDate "2023.05.14"]
[EventType "swiss"]
[EventRounds "8"]
[EventCountry "ESP"]
[SourceTitle "CBM 214 Extra"]
[Source "ChessBase"]
[SourceDate "2023.07.31"]
[SourceVersion "1"]
[SourceVersionDate "2023.07.31"]
[SourceQuality "1"]

1. e4 c5 2. Nf3 Nc6 3. Bb5 g6 4. 0-0 Bg7 5. c3 Nf6 6. e5 Nd5 7. d4 cxd4 8. cxd4 0-0 9. Nc3 Nc7 10. Ba4 d6 11. exd6 Qxd6 12. Bxc6 Qxc6 13. Bg5 Qe8 14. h3 b6 15. Re1 f6 16. Qb3+ Qf7 17. Bf4 Be6 18. Qa3 Rfc8 19. Bxc7 Rxc7 20. d5 Bc8 21. Nd4 Bb7 22. Ne6 Rd7 23. Rad1 a6 24. Qb3 b5 25. Ne4 Bc8 26. Qf3 Rda7 27. N4c5 Bxe6 28. dxe6 Qe8 29. Rd7 f5 30. Red1 Bxb2 31. Nb7 Kg7 32. Rd8 Rxd8 33. Rxd8 1-0

[Event "Catalunya-ch Seniors 34th"]
[Site "Lloret del Mar"]
[Date "2018.05.21"]
[Round "3"]
[White "Mas Recorda, Pere"]
[Black "Buxade Roca, Guillermo"]
[Result "1/2-1/2"]
[WhiteElo "1947"]
[BlackElo "2041"]
[PlyCount "50"]
[EventDate "2018.05.19"]
[EventType "swiss"]
[EventRounds "9"]
[EventCountry "ESP"]
[SourceTitle "CBM 184 Extra"]
[Source "ChessBase"]
[SourceDate "2018.06.28"]
[SourceVersion "1"]
[SourceVersionDate "2018.06.28"]
[SourceQuality "1"]

1. f4 d5 2. Nf3 g6 3. d4 Bg7 4. e3 Nh6 5. Bd3 0-0 6. 0-0 Nc6 7. c3 a5 8. e4 dxe4 9. Bxe4 Nb8 10. Na3 c6 11. Rb1 Nd7 12. Be3 Nf6 13. Bd3 Nd5 14. Bd2 Nf5 15. Qe2 b5 16. Nc2 Qc7 17. Ng5 Nd6 18. Ne4 Bf5 19. Nxd6 Bxd3 20. Qxd3 Qxd6 21. f5 Qd7 22. Rbd1 e6 23. fxg6 hxg6 24. Bg5 Rfe8 25. Qh3 Qd6 1/2-1/2

[Event "ESP-ch Seniors 65+"]
[Site "Altea"]
[Date "2017.10.12"]
[Round "6"]
[White "Buxade Roca, Guillermo"]
[Black "Suba, Mihai"]
[Result "1/2-1/2"]
[WhiteElo "2025"]
[BlackElo "2315"]
[PlyCount "55"]
[EventDate "2017.10.07"]
[EventType "swiss"]
[EventRounds "9"]
[EventCountry "ESP"]
[SourceTitle "CBM 181 Extra"]
[Source "ChessBase"]
[SourceDate "2017.12.12"]
[SourceVersion "1"]
[SourceVersionDate "2017.12.12"]
[SourceQuality "1"]

1. e4 c5 2. Nc3 Nc6 3. g3 g6 4. Bg2 Bg7 5. d3 d6 6. Be3 e5 7. Qd2 Nge7 8. Nf3 Nd4 9. Bxd4 cxd4 10. Ne2 0-0 11. c3 dxc3 12. bxc3 d5 13. d4 exd4 14. Nfxd4 Re8 15. 0-0 dxe4 16. Bxe4 Nd5 17. Bf3 Bh3 18. Rfd1 Rc8 19. Rab1 Nxc3 20. Nxc3 Bxd4 21. Ne4 Be5 22. Qh6 Bd7 23. Ng5 Bg7 24. Qxh7+ Kf8 25. Qh4 Kg8 26. Ne4 Be5 27. Nc3 Bd4 28. Ne4 1/2-1/2

[Event "ESP-ch Seniors 65"]
[Site "Altea"]
[Date "2016.10.14"]
[Round "7"]
[White "Sanz Bastos, Fernando"]
[Black "Buxade Roca, Guillermo"]
[Result "1/2-1/2"]
[WhiteElo "1969"]
[BlackElo "2026"]
[PlyCount "39"]
[EventDate "2016.10.09"]
[EventType "swiss"]
[EventRounds "9"]
[EventCountry "ESP"]
[SourceTitle "EXT 2024"]
[Source "ChessBase"]
[SourceDate "2023.10.10"]
[SourceVersion "1"]
[SourceVersionDate "2023.10.10"]
[SourceQuality "1"]

1. e4 c5 2. Nc3 Nc6 3. g3 g6 4. Bg2 Bg7 5. d3 Rb8 6. Be3 d6 7. Qd2 b5 8. Nf3 b4 9. Nd1 e6 10. 0-0 Nge7 11. Bh6 0-0 12. Bxg7 Kxg7 13. Nh4 Bd7 14. f4 f5 15. Ne3 Ng8 16. Nc4 Qc7 17. Rae1 Nf6 18. Kh1 Ne8 19. Nf3 Na5 20. Qd1 1/2-1/2

[Event "Catalunya-ch Seniors"]
[Site "Vila Seca"]
[Date "2016.05.27"]
[Round "7"]
[White "Buxade Roca, Guillermo"]
[Black "Lazaro Porta, Angel"]
[Result "1/2-1/2"]
[WhiteElo "2052"]
[BlackElo "1938"]
[PlyCount "41"]
[EventDate "2016.05.21"]
[EventType "swiss"]
[EventRounds "9"]
[EventCountry "ESP"]
[SourceTitle "CBM 172 Extra"]
[Source "ChessBase"]
[SourceDate "2016.06.21"]
[SourceVersion "1"]
[SourceVersionDate "2016.06.21"]
[SourceQuality "1"]

1. e4 c5 2. Nc3 Nc6 3. g3 g6 4. Bg2 Bg7 5. d3 Rb8 6. Be3 b5 7. Qd2 b4 8. Nd1 d6 9. f4 Qc7 10. Nf3 Nf6 11. h3 a5 12. 0-0 0-0 13. g4 h5 14. gxh5 Nxh5 15. Rb1 a4 16. Nh4 Nd4 17. Nf3 Ng3 18. Rf2 Be6 19. Kh2 Nh5 20. b3 a3 21. Ng5 1/2-1/2

[Event "Catalunya-ch Seniors 31st"]
[Site "Santa Susanna"]
[Date "2015.05.31"]
[Round "9"]
[White "Buxade Roca, Guillermo"]
[Black "Monedero Gonzalez, Josep"]
[Result "1-0"]
[WhiteElo "2235"]
[BlackElo "2178"]
[PlyCount "61"]
[EventDate "2015.05.23"]
[EventType "swiss"]
[EventRounds "9"]
[EventCountry "CAT"]
[SourceTitle "CBM 166 Extra"]
[Source "ChessBase"]
[SourceDate "2015.06.18"]
[SourceVersion "1"]
[SourceVersionDate "2015.06.18"]
[SourceQuality "1"]

1. c4 Nf6 2. Nc3 g6 3. g3 Bg7 4. Bg2 c5 5. e3 0-0 6. Nge2 d6 7. 0-0 Nc6 8. d3 e5 9. Rb1 Bg4 10. h3 Be6 11. Nd5 Bxd5 12. cxd5 Nb4 13. Qb3 Qb6 14. a3 Na6 15. Qc4 Nd7 16. f4 Qa5 17. f5 b5 18. Qg4 Nf6 19. Qf3 Qd8 20. e4 Qe8 21. g4 Nd7 22. h4 f6 23. fxg6 hxg6 24. Bh3 Nc7 25. Ng3 Rf7 26. Rf2 a6 27. Bd2 Ra7 28. Rbf1 Kh7 29. Kh2 Qe7 30. g5 Na8 31. h5 1-0

[Event "Catalunya-ch Seniors 31st"]
[Site "Santa Susanna"]
[Date "2015.05.25"]
[Round "3"]
[White "Buxade Roca, Guillermo"]
[Black "Sanz Bastos, Fernando"]
[Result "1/2-1/2"]
[WhiteElo "2235"]
[BlackElo "2139"]
[PlyCount "30"]
[EventDate "2015.05.23"]
[EventType "swiss"]
[EventRounds "9"]
[EventCountry "CAT"]
[SourceTitle "CBM 166 Extra"]
[Source "ChessBase"]
[SourceDate "2015.06.18"]
[SourceVersion "1"]
[SourceVersionDate "2015.06.18"]
[SourceQuality "1"]

1. e4 e5 2. Nf3 Nc6 3. Bb5 Bc5 4. c3 Nf6 5. 0-0 0-0 6. d4 Bb6 7. d5 Ne7 8. Nbd2 d6 9. Qc2 Ng6 10. Nc4 Bd7 11. a4 Bxb5 12. axb5 Qd7 13. Nxb6 axb6 14. Rxa8 Rxa8 15. c4 Qg4 1/2-1/2

[Event "Tarragona-ch Seniors"]
[Site "Cambrils"]
[Date "2015.03.12"]
[Round "7.1"]
[White "Buxade Roca, Guillermo"]
[Black "Regue Farran, Enric"]
[Result "1-0"]
[WhiteElo "2214"]
[BlackElo "2189"]
[PlyCount "91"]
[EventDate "2015.01.29"]
[EventType "swiss"]
[EventRounds "8"]
[EventCountry "ESP"]
[SourceTitle "EXT 2024"]
[Source "ChessBase"]
[SourceDate "2023.10.10"]
[SourceVersion "1"]
[SourceVersionDate "2023.10.10"]
[SourceQuality "1"]

1. e4 c5 2. Nc3 Nc6 3. g3 g6 4. Bg2 Bg7 5. d3 d6 6. Be3 e6 7. Qd2 Nge7 8. f4 Nd4 9. Nd1 b6 10. c3 Ndc6 11. Nf3 Bb7 12. 0-0 0-0 13. g4 f5 14. h3 d5 15. gxf5 exf5 16. e5 Qd7 17. d4 cxd4 18. Nxd4 Nxd4 19. Bxd4 Rac8 20. Ne3 Rfd8 21. Rae1 Qe6 22. Rf2 Ba6 23. Rd1 Rc7 24. Nc2 Bb7 25. Qe2 Rc4 26. h4 Ba6 27. Qf3 h5 28. Rfd2 Rc7 29. Bf2 Bb7 30. Nd4 Qd7 31. Bf1 Nc6 32. Nb5 Rcc8 33. Nd6 Rc7 34. Qxd5+ Kh7 35. Nxb7 Qxd5 36. Rxd5 Rxd5 37. Rxd5 Rxb7 38. Kg2 Bf8 39. Kf3 Kg7 40. Bb5 Ne7 41. Rd8 Rc7 42. Bd4 Nc8 43. e6+ Kg8 44. Be5 Rc5 45. Be8 Be7 46. Bf7+ 1-0

[Event "Sitges op 40th"]
[Site "Sitges"]
[Date "2014.07.22"]
[Round "1"]
[White "Gonzalez Perez, Arian"]
[Black "Buxade Roca, Guillermo"]
[Result "1-0"]
[WhiteElo "2494"]
[BlackElo "2099"]
[PlyCount "57"]
[EventDate "2014.07.22"]
[EventType "swiss"]
[EventRounds "9"]
[EventCountry "ESP"]
[SourceTitle "CBM 161 Extra"]
[Source "ChessBase"]
[SourceDate "2014.08.29"]
[SourceVersion "1"]
[SourceVersionDate "2014.08.29"]
[SourceQuality "1"]

1. e4 c5 2. Nf3 Nc6 3. Bb5 Nf6 4. Bxc6 dxc6 5. Nc3 Bg4 6. h3 Bh5 7. Qe2 Qc7 8. d3 e5 9. g4 Bg6 10. Nh4 0-0-0 11. Bg5 Be7 12. Nf5 h5 13. Nxe7+ Qxe7 14. 0-0-0 Qe6 15. f3 Rd7 16. Be3 b6 17. a4 a5 18. g5 Ne8 19. f4 exf4 20. Bxf4 f5 21. d4 Rb7 22. dxc5 fxe4 23. Qa6 Nc7 24. Bxc7 Kxc7 25. Rd6 Qf5 26. Rf1 Qxg5+ 27. Kb1 Rhb8 28. Rxc6+ Kd8 29. Rd6+ 1-0

[Event "Catalunya-ch Seniors 30th"]
[Site "Barcelona"]
[Date "2014.05.25"]
[Round "9"]
[White "Buxade Roca, Guillermo"]
[Black "Bollero Romera, Alfonso"]
[Result "1/2-1/2"]
[WhiteElo "2231"]
[BlackElo "2127"]
[PlyCount "111"]
[EventDate "2014.05.17"]
[EventType "swiss"]
[EventRounds "9"]
[EventCountry "ESP"]
[SourceTitle "CBM 160 Extra"]
[Source "ChessBase"]
[SourceDate "2014.07.01"]
[SourceVersion "1"]
[SourceVersionDate "2014.07.01"]
[SourceQuality "1"]

1. Nf3 Nf6 2. g3 d5 3. Bg2 e6 4. 0-0 c5 5. c4 Nc6 6. cxd5 exd5 7. d4 cxd4 8. Nxd4 Bc5 9. Nb3 Be7 10. Nc3 Be6 11. Nb5 0-0 12. Bf4 Rc8 13. Rc1 a6 14. N5d4 Nxd4 15. Nxd4 Qd7 16. Qb3 b5 17. Rcd1 Rfd8 18. Rd2 Bh3 19. Rfd1 Bxg2 20. Kxg2 Ne4 21. Rc2 Bf6 22. Rxc8 Rxc8 23. Nf3 Rd8 24. Ne1 Qf5 25. f3 Nc5 26. Qa3 Ne6 27. Nd3 g5 28. Be3 h5 29. Qxa6 d4 30. Bf2 Kg7 31. Qc6 Rc8 32. Qxc8 Nf4+ 33. Nxf4 Qxc8 34. Nxh5+ Kg6 35. Nxf6 Qc2 36. Rxd4 Kxf6 37. Re4 Kg6 38. Bd4 Qc4 39. Bc3 Qxa2 40. h4 f5 41. Rb4 Qd5 42. hxg5 Kxg5 43. Rd4 Qc5 44. g4 fxg4 45. Rxg4+ Kf5 46. e4+ Ke6 47. e5 Qe3 48. Rg6+ Kf5 49. Rg4 Ke6 50. Re4 Qc1 51. Kf2 Qh1 52. Ke3 Qg1+ 53. Kd3 Qf1+ 54. Ke3 Qg1+ 55. Kd3 Qf1+ 56. Ke3 1/2-1/2

[Event "Catalunya-ch Seniors 30th"]
[Site "Barcelona"]
[Date "2014.05.21"]
[Round "5"]
[White "Simon Padros, Emili"]
[Black "Buxade Roca, Guillermo"]
[Result "1/2-1/2"]
[WhiteElo "2307"]
[BlackElo "2231"]
[PlyCount "42"]
[EventDate "2014.05.17"]
[EventType "swiss"]
[EventRounds "9"]
[EventCountry "ESP"]
[SourceTitle "CBM 160 Extra"]
[Source "ChessBase"]
[SourceDate "2014.07.01"]
[SourceVersion "1"]
[SourceVersionDate "2014.07.01"]
[SourceQuality "1"]

1. e4 c5 2. d3 g6 3. g3 Bg7 4. Bg2 Nc6 5. f4 e6 6. Ne2 d6 7. 0-0 Nge7 8. c3 0-0 9. Be3 Rb8 10. d4 cxd4 11. cxd4 b6 12. Nbc3 Qd7 13. Re1 Bb7 14. Qd2 Rfc8 15. Rac1 Na5 16. b3 Rc7 17. e5 d5 18. Bf1 Rbc8 19. Nb5 Rxc1 20. Rxc1 Rxc1 21. Qxc1 Ba6 1/2-1/2